| 000 | 00928nam a22002297a 4500 | ||
|---|---|---|---|
| 003 | BD-DhSAU | ||
| 005 | 20161026154155.0 | ||
| 008 | 161006b2014 bg ad||| |||| 00| 0 eng d | ||
| 040 | _aBD-DhSAU | ||
| 082 |
_222 _a332.041 _bH2758 |
||
| 100 | _aHassan , Md. Nazmul | ||
| 245 |
_aAn economic study on improved wheat production and seed storage in selected areas of Mymensingh district _cMd. Nazmul Hassan |
||
| 260 |
_aDhaka :: _bSher e Bangla Agricultural University, _c2014 |
||
| 300 |
_aix, 78 p. : _bill. ; _c30 cm. |
||
| 590 | _aKamim | ||
| 650 | _aManagement and Finance | ||
| 650 | _aEconomic study on improved wheat production | ||
| 650 | _aSeed storage in selected areas of Mymensingh districtglyoxalase system in congerring abiotic stress tolerance in mung bean (Vigna raddita L.) | ||
| 700 |
_aMiah, Md. Abdul Monayem _eSupervisor |
||
| 700 |
_aParvin, Mosammod Mahamuda _eCo-Supervisor |
||
| 942 |
_2ddc _cTHESIS |
||
| 999 |
_c13553 _d13552 |
||